Carbon dioxide climate and society. (Record no. 31245)

MARC details
000 -LEADER
fixed length control field 00374nam a2200133Ia 4500
082 ## - DEWEY DECIMAL CLASSIFICATION NUMBER
Classification number 551.58
Item number WIL
245 #0 - TITLE STATEMENT
Title Carbon dioxide climate and society.
260 ## - PUBLICATION, DISTRIBUTION, ETC. (IMPRINT)
Place of publication Oxford
Name of publisher Pergamon
Year of publication 1978
490 ## - SERIES STATEMENT
Series statement IIASA Proceedings series, environment; v 1
650 ## - SUBJECT ADDED ENTRY--TOPICAL TERM
Topical Term Carbon cycle modeling
700 ## - ADDED ENTRY--PERSONAL NAME
Personal name WILLIAMS, Jill
942 ## - ADDED ENTRY ELEMENTS (KOHA)
Koha item type Books
Holdings
Withdrawn status Lost status Damaged status Not for loan Home library Current library Date acquired Full call number Accession Number Koha item type
        RRII Library RRII Library 16/12/2021 551.58 WIL 11795 Books